| Tag |
First Indicator |
Second Indicator |
Subfields |
| LEADER |
00000cgm a2200000 a 4500 |
| 001 |
in00000032098 |
| 005 |
20151007055036.0 |
| 007 |
vf cbaho| |
| 008 |
870629p19871986xxu097 g 0000vleng d |
| 035 |
|
|
|a (OCoLC)16102154
|
| 035 |
|
|
|9 AAB7063AM
|
| 040 |
|
|
|a OWR
|c OWR
|d TXA
|d UtOrBLW
|
| 049 |
|
|
|a TXAV [A10161156]
|
| 090 |
|
|
|a PN1997
|b .N5182 1987
|
| 245 |
0 |
0 |
|a 'Night, mother /
|c Universal City Studios, Inc. ; produced by Aaron Spelling and Alan Greisman ; directed by Tom Moore ; screenplay by Marsha Norman.
|
| 264 |
|
1 |
|a Universal City, CA :
|b MCA Home Video,
|c [1987?]
|
| 300 |
|
|
|a 1 videocassette (97 min.) :
|b sound, color ;
|c 1/2 in.
|
| 336 |
|
|
|a two-dimensional moving image
|b tdi
|2 rdacontent
|
| 337 |
|
|
|a video
|b v
|2 rdamedia
|
| 338 |
|
|
|a videocassette
|b vf
|2 rdacarrier
|
| 538 |
|
|
|a VHS.
|
| 500 |
|
|
|a Closed captioned.
|
| 511 |
1 |
|
|a Sissy Spacek, Anne Bancroft, Ed Berke, Carol Robbins, Jennifer Roosendahl.
|
| 508 |
|
|
|a Director of photography, Stephen M. Katz ; editor, Suzanne Pettit ; music, David Shire.
|
| 500 |
|
|
|a Videocassette release of the 1986 motion picture.
|
| 500 |
|
|
|a Based on the play by Marsha Norman.
|
| 520 |
|
|
|a A taut, emotional study about a mother's attempt to stop her distraught daughter from committing suicide.
|
| 500 |
|
|
|a "80542."
|
| 500 |
|
|
|a Videorecording.
|
| 650 |
|
0 |
|a Mothers and daughters
|v Drama.
|
| 650 |
|
0 |
|a Films for the hearing impaired.
|
| 650 |
|
0 |
|a Feature films.
|
| 700 |
1 |
|
|a Spacek, Sissy.
|
| 700 |
1 |
|
|a Bancroft, Anne,
|d 1931-2005.
|
| 700 |
1 |
|
|a Berke, Ed.
|
| 700 |
1 |
|
|a Norman, Marsha.
|t 'Night, mother.
|
| 710 |
2 |
|
|a Universal City Studios.
|
| 710 |
2 |
|
|a MCA Home Video (Firm)
|
| 999 |
|
|
|a MARS
|
| 999 |
f |
f |
|s 947237f9-f35a-367e-95f5-a54171ff460a
|i 7af814cd-9bb2-373b-b259-30c21d437b5c
|t 0
|
| 952 |
f |
f |
|p ric
|a Texas A&M University
|b Rellis Campus
|c Joint Library Facility
|d Remote Storage
|t 0
|e PN1997 .N5182 1987
|h Library of Congress classification
|i video -- videocassette
|m A14810161156
|
| 998 |
f |
f |
|a PN1997 .N5182 1987
|t 0
|l Remote Storage
|